Kadra reprezentacji WKS na Mistrzostwa Świata 2026 - Statystyki

Ogólne statystyki
  • Ten quiz został rozwiązany 10 razy
  • Średni wynik to 10 z 26
Statystyki odpowiedzi
Pozycja Klub Zawodnik % Poprawnych
Pomocnik Manchester United Amad Diallo
90%
Napastnik Inter Ange-Yoan Bonny
80%
Obrońca Sporting Ousmane Diomande
70%
Pomocnik FC Porto Seko Fofana
70%
Bramkarz Rizespor Yahia Fofana
70%
Pomocnik RB Lipsk Yan Diomande
70%
Obrońca AS Roma Evan Ndicka
60%
Pomocnik Al-Ahli Franck Kessié
50%
Pomocnik Nottingham Ibrahim Sangaré
50%
Napastnik Villarreal Nicolas Pépé
50%
Obrońca Galatasaray Wilfried Singo
50%
Obrońca Strasbourg Guéla Doué
40%
Napastnik Crystal Palace Evann Guessand
30%
Obrońca Atalanta Odilon Kossounou
30%
Bramkarz Panathinaikos Alban Lafont
20%
Pomocnik Hoffenheim Bazoumana Touré
20%
Napastnik OGC Nice Elye Wahi
20%
Obrońca Besiktas Emmanuel Agbadou
20%
Obrońca Gil Vicente Ghislain Konan
20%
Bramkarz Charleroi Mohamed Koné
20%
Napastnik Cercle Brügge Oumar Diakité
20%
Pomocnik AS Monaco Simon Adingra
20%
Pomocnik Trabzonspor Christ Inao Oulaï
10%
Obrońca Auxerre Clément Akpa
10%
Pomocnik Maribor Jean Michaël Seri
10%
Pomocnik Charleroi Parfait Guiagon
10%
Nie znaleziono quizów pasujących do podanych kryteriów
Rozkład punktacji
Procent ludzi z każdym wynikiem
Percentyl według liczby udzielonych odpowiedzi
Twoja historia wyników
Nie rozwiązałeś tego quizu